| 000 | 00742nam a2200229 u 4500 | ||
|---|---|---|---|
| 005 | 20220916063609.0 | ||
| 008 | 141006s2006 r 000 0 eng d | ||
| 020 | _a8428528446 | ||
| 035 | _aUPN01000200031 | ||
| 049 | _aI | ||
| 050 | 4 |
_aHQ799.2 T4 _bT5.7 |
|
| 100 | 1 |
_aTisseron, Serge, _d1948- _936500 |
|
| 245 | 1 | 0 |
_aTele violenta ¡no! / _cSerge Tisseron ; tr. María Jesús García González. |
| 260 |
_aMadrid : _bSan Pablo, _c2006. |
||
| 300 |
_a53 p. : _bil. col. |
||
| 440 | 0 |
_aAprende a decir ¡No!. _bA partir de 7 años |
|
| 534 |
_pTítulo original: _tLa téle en famille oui! |
||
| 650 | 4 |
_aVIOLENCIA EN LA TELEVISION _923125 |
|
| 650 | 7 |
_aLibros ilustrados para niños _2 _921365 |
|
| 905 | _aInfantil | ||
| 999 |
_c172132 _d172132 |
||